00632 a2200193 450000500170000000800410001702000150005804000510007304100080012410000370013224500470016925000100021626000380022630000400026449000330030465000340033765000360037165000310040720180312142001.0140331s1999 ck a gr|||| 00| jdspa d a9580505306 aCO-BoUCMbspacJose A. GerenadDiana Londoño aspa aBeaumont, Leprince ded1711-178003aLa bella y la bestiacLeprince de Beaumont a6a Ed c1999bEducaraBogotá (Colombia) a20 páginasbilustraciones a color aLa biblioteca de los niños 7aLiteratura infantil francesa  7aCuentos ilustrados para niños 7aAnimales en la literatura